Ένα σχεδόν γαλάζιο χέρι : διηγήματα

Αποθηκεύτηκε σε:
Λεπτομέρειες βιβλιογραφικής εγγραφής
Κύριος συγγραφέας: Γαλανάκη, Ρέα, 1947-
Μορφή: Βιβλίο
Γλώσσα:Greek
Δημοσίευση: Αθήνα : Καστανιώτης, 2004.
Έκδοση:6η έκδ.
Θέματα:
Ετικέτες: Προσθήκη ετικέτας
Δεν υπάρχουν, Καταχωρήστε ετικέτα πρώτοι!

MARC

LEADER 00000cam a2200000 i 4500
001 1/76167
008 050512s2004 gr | ||| |||| ||gre||
020 |a 9600337543 
035 |l 10077907 
040 |a GR-MY-UA  |b gre  |e aacr 
041 0 |a gre 
082 7 |a 889.37   |2 (21) 
100 1 |a Γαλανάκη, Ρέα,   |d 1947- 
245 1 0 |a Ένα σχεδόν γαλάζιο χέρι :   |b διηγήματα /   |c Ρέα Γαλανάκη.  
250 |a 6η έκδ.  
260 |a Αθήνα :   |b Καστανιώτης,   |c 2004.  
300 |a 131 σ. ;   |c 21 εκ. 
500 |a Το Παράρτημα Βιβλιοθήκης Ρόδου έχει την 4η έκδοση. 
650 0 0 |a Short stories, Greek (Modern) 
650 0 0 |a Greek literature, Modern. 
852 |a INST  |b LESVOS  |e 20050512  |h 889.37 ΓΑΛ  |p 005100027693  |q 005100027693  |t BK  |y 0 
852 |a INST  |b RHODES  |e 20200622  |h 889.37 ΓΑΛ  |p 005400041545  |q 005400041545  |t BK  |y 0 
901 |a BIBL1-2005-1 
909 |a Λ  |b 120908 
922 |a 1ΕΛΗ  |b 200505  |c ΤΑΚ/ΚΥΒ  |d ΕΙΡΜΟΣ 
970 |a ΚΑΜΑΤΣΟΥ  |b ΔΕΣΠΟΙΝΑ  |z 2005/05/12